Report of the Committee for Unification of the Acts Relating to Municipalities in Maharashtra state (Record no. 488704)

000 -LEADER
fixed length control field 00495cam a22001337a 4500
008 - FIXED-LENGTH DATA ELEMENTS--GENERAL INFORMATION
fixed length control field 180718b1965 xxu||||| |||| 00| 0 eng d
082 ## - DEWEY DECIMAL CLASSIFICATION NUMBER
Classification number B7303x5442 M278
100 ## - MAIN ENTRY--PERSONAL NAME
Personal name Maharashtra. Committee for Unification of the Acts Relating to Municipalities
245 ## - TITLE STATEMENT
Title Report of the Committee for Unification of the Acts Relating to Municipalities in Maharashtra state
260 ## - PUBLICATION, DISTRIBUTION, ETC.
Place of publication, distribution, etc. Bombay
Name of publisher, distributor, etc. The author
Date of publication, distribution, etc. 1965
300 ## - PHYSICAL DESCRIPTION
Extent 68p.
500 ## - GENERAL NOTE
General note Chairman: Rafiq Zakaria
700 ## - ADDED ENTRY--PERSONAL NAME
Personal name Zakaria, Rafiq (Chairman)
Holdings
Withdrawn status Lost status Damaged status Not for loan Permanent Location Current Location Date acquired Full call number Barcode Date last seen Price effective from Koha item type
        Indian Institute of Public Administration Indian Institute of Public Administration 2018-08-04 B7303x5442 M278 G7127 2018-08-04 2018-08-04 G
        Indian Institute of Public Administration Indian Institute of Public Administration 2018-08-04 B7303x5442 M278 GG9834 2018-08-04 2018-08-04 GG

Powered by Koha